000 01353nam a2200313 a 4500
001 BRCA_2946
005 20190320204035.0
008 161208s1869----gw-a---###---#000-0#ger-u
041 _ager
044 _agw
084 _a292
_b.035
_c1869
100 1 _aCervantes Saavedra, Miguel de
_d1547-1616
_9213
245 1 0 _aDer sinnreiche Junker Don Quixote von la Mancha
260 _aNeuruppin
_bAlfred Oehmigke
_c1869
300 _a347 p.
_bil.
_c19 cm.
500 _aContenido : Texto abreviado a 16 capítulos
500 _aEdición : Für die Jugend erzählt von Dr. Lauckhard. Mit 6 Bildern in Thondruck nach Zeichnung von Ludwig Löffler. No se menciona como responsable a Miguel de Cervantes Saavedra
500 _aEdición compendiada e ilustrada para la juventud. La impresión es excelente. Semitela; lomera decorada con motivos quijotiles dorados. Lomo roto Lúdovik Osterc
500 _aEstado físico : Encuadernación y lomo desprendido
500 _aQM524
546 _aTexto en : alemán
650 1 4 _aNovela española
_yÉpoca clásica, 1500-1700
_9215
650 1 4 _aLiteratura española
_yÉpoca clásica, 1500-1700
_9216
650 1 4 _aNovela española
_ySiglo XVII
_9217
650 1 4 _aDon Quijote (Personaje ficticio)
_eNovela
_9218
740 0 _aEl Ingenioso Hidalgo Don Quijote de la Mancha
902 _aQFM
942 _2lcc
_cB
999 _c2685
_d2685